Weapons and Vehicles Handbook / (Record no. 1616)
[ view plain ]
| 000 -LEADER | |
|---|---|
| fixed length control field | 00301 a2200097 4500 |
| 082 ## - DEWEY DECIMAL CLASSIFICATION NUMBER | |
| Classification number | 629.224 ROY |
| 245 ## - TITLE STATEMENT | |
| Title | Weapons and Vehicles Handbook / |
| Statement of responsibility, etc. | Royal Military College of Science |
| 250 ## - EDITION STATEMENT | |
| Edition statement | 8th.ed. |
| 260 ## - PUBLICATION, DISTRIBUTION, ETC. | |
| Place of publication, distribution, etc. | Royal : |
| Date of publication, distribution, etc. | Royal Military College of Science, |
| Name of publisher, distributor, etc. | 1990 |
| 300 ## - PHYSICAL DESCRIPTION | |
| Extent | various pagings : |
| Other physical details | ill. ; |
| Dimensions | 27cm |
| 650 ## - SUBJECT ADDED ENTRY--TOPICAL TERM | |
| Topical term or geographic name entry element | vehicles |
| Withdrawn status | Lost status | Damaged status | Not for loan | Permanent Location | Current Location | Shelving location | Date acquired | Total Checkouts | Full call number | Barcode | Date last seen | Price effective from | Koha item type |
|---|---|---|---|---|---|---|---|---|---|---|---|---|---|
| School of Civil and Environmental Engineering (SCEE) | School of Civil and Environmental Engineering (SCEE) | 629.224 ROY | NIT-3647 | 01/05/2017 | 01/05/2017 | Book |
